Los jacobinos negros: Toussaint LïOverture y la Revolució Haití

সংরক্ষণ করুন:
গ্রন্থ-পঞ্জীর বিবরন
প্রধান লেখক: James, C. L. R (Author)
বিন্যাস: গ্রন্থ
ভাষা:স্প্যানিশ
প্রকাশিত: Madrid Turner 2003
সংস্করন:1a. ed
বিষয়গুলি:
ট্যাগগুলো: ট্যাগ যুক্ত করুন
কোনো ট্যাগ নেই, প্রথমজন হিসাবে ট্যাগ করুন!

MARC

LEADER 00000nam a2200000 a 4500
001 UCK7561
003 CL-VaPUC
008 051125e20030000SP |||||||||||||||||spa|d
020 |a 8475065937 
082 0 4 |a 326.4  |b JAM  |2 21 
100 0 |a James, C. L. R  |e author  |9 497109 
245 1 4 |a Los jacobinos negros: Toussaint LïOverture y la Revolució Haití 
250 |a 1a. ed 
300 |a 369 p 
942 |c BK 
945 |d 20051125 00:00:00  |a jtorresc 
260 |a Madrid  |b Turner  |c 2003 
650 0 |a Historia  |9 255047 
650 0 |a Esclavitud  |9 323605 
651 7 |a HAITI  |2 CL-VaPUC  |9 255724 
651 7 |a SANTO DOMINGO  |2 CL-VaPUC  |9 406842 
583 |a last modification  |c 20051125 00:00:00  |k Rodrigo Vera 
999 |c 315464  |d 315462 
952 |0 0  |1 0  |4 0  |6 326_400000000000000_JAM_2003  |7 0  |8 A  |9 388747  |a BIBHIS  |b BIBHIS  |d 2019-11-22  |i 4166728  |o 326.4 JAM 2003  |p 4166728  |r 2025-01-20  |w 2019-11-22  |y BK  |k HIS